[Event "TIPC 2013"]
[Site "Charleroi"]
[Date "2013.07.28"]
[Round "2.17"]
[White "Dinev, Dimiter"]
[Black "Henris, Luc"]
[Result "1-0"]
[LiveChessVersion "1.4-u16"]
[BlackElo "2170"]
[WhiteElo "1915"]

1. d4 d5 2. Nf3 Nc6 3. b3 Bg4 4. Nbd2 e6 5. Bb2 Nf6 6. e3 Ne4 7. Be2 Bb4 8. O-O
Nc3 9. Bxc3 Bxc3 10. Rb1 Qe7 11. a4 O-O 12. Ne1 Bxe2 13. Qxe2 e5 14. dxe5 Nxe5
15. Ndf3 Rad8 16. Nxe5 Bxe5 17. Nd3 Bd6 18. Qf3 c6 19. Rfe1 f5 20. g3 Rde8 21.
Kh1 Qf6 22. Kg2 Re4 23. Rbd1 Qc3 24. Re2 g6 25. Nc1 Rfe8 26. Red2 Bc5 27. Ne2 Qe5
28. Rd3 a5 29. Nc3 Bb4 30. Ne2 Qb2 31. c3 Bc5 32. Nd4 Ba7 33. R1d2 Qa3 34. Qd1
Qe7 35. Nf3 Qf6 36. h4 h6 37. c4 dxc4 38. bxc4 Bc5 39. Rd8 g5 40. hxg5 hxg5 41.
Rxe8+ Rxe8 42. Rd7 g4 43. Nh4 Re7 44. Qd3 Re4 45. Rxb7 Qe6 46. Qd8+ 1-0

[Event "TIPC 2013"]
[Site "Charleroi"]
[Date "2013.07.28"]
[Round "2.18"]
[White "Hanset, Marc"]
[Black "De Villers, Mourad"]
[Result "0-1"]
[LiveChessVersion "1.4-u16"]
[BlackElo "2160"]
[WhiteElo "1900"]

1. e4 c5 2. Nf3 d6 3. d4 cxd4 4. Nxd4 Nf6 5. Nc3 g6 6. f4 Nc6 7. Nxc6 bxc6 8. e5
Nd7 9. exd6 exd6 10. Qd4 Qf6 11. Be3 Be7 12. Be2 O-O 13. O-O d5 14. Qd2 Bc5 15.
Rad1 Re8 16. Bd4 Rb8 17. b3 Bxd4+ 18. Qxd4 Qxd4+ 19. Rxd4 Nc5 20. Bf3 Bf5 21. Ne2
h5 22. c4 Bd3 23. Kf2 dxc4 24. bxc4 Rb2 25. Re1 Rxa2 26. Rd6 Bxe2 27. Rxe2 Raxe2+
0-1

[Event "TIPC 2013"]
[Site "Charleroi"]
[Date "2013.07.28"]
[Round "2.19"]
[White "Spanoghe, Ivan"]
[Black "Ronse, Ivan"]
[Result "1/2-1/2"]
[LiveChessVersion "1.4-u16"]
[BlackElo "1879"]
[WhiteElo "2156"]

1. c4 Nf6 2. Nc3 e5 3. g3 Nc6 4. Bg2 Bc5 5. e3 O-O 6. a3 a5 7. Nge2 Re8 8. O-O d6
9. d3 Bg4 10. h3 Bd7 11. Kh2 Qc8 12. b3 Ne7 13. Rb1 c6 14. b4 axb4 15. axb4 Bb6
16. c5 Bc7 17. cxd6 Bxd6 18. Na4 Qc7 19. Nc5 Bc8 20. e4 b6 21. Na4 Ba6 22. Nec3
b5 23. Nc5 Bxc5 24. bxc5 Red8 25. Na2 Bc8 26. Nb4 Ra4 27. Be3 Qa5 28. Qb3 Be6 29.
Qb2 Ba2 30. Nxa2 Rxa2 31. Qxe5 Ng6 32. Qf5 Ne7 1/2-1/2

[Event "TIPC 2013"]
[Site "Charleroi"]
[Date "2013.07.29"]
[Round "3.2"]
[White "Kveinys, Aloyzas"]
[Black "Van Cappelen, Jonas"]
[Result "1-0"]
[LiveChessVersion "1.4-u16"]
[BlackElo "2144"]
[WhiteElo "2479"]

1. d4  Nf6  2. c4  e6
 3. Nf3  d5  4. Nc3
 Be7  5. Bg5  O-O
 6. Qc2  Nbd7  7. cxd5
 exd5  8. e3  c6 
9. Bd3  Re8  10. h3  Nf8
 11. Bf4  Bd6  12. Bxd6
 Qxd6  13. O-O-O  Be6
 14. Kb1  Rad8  15. g4
 a6  16. Rc1  Bc8
 17. g5  N6d7  18. Ne2
 Nb6  19. Ne5  Qe7
 20. h4  Nbd7  21. Nf3
 Nb6  22. Rcg1  Kh8
 23. h5  Bd7  24. Ne5
 f6  25. Ng6+  hxg6
 26. hxg6+  Kg8  27. Nf4
 f5  28. Qd1  Qd6
 29. Qh5  Nxg6  30. Nxg6
 Na4 31. Ne5 Rxe5 1-0

[Event "TIPC 2013"]
[Site "Charleroi"]
[Date "2013.07.29"]
[Round "3.4"]
[White "Werner, Ivan"]
[Black "Eliet, Nicolas"]
[Result "0-1"]
[LiveChessVersion "1.4-u16"]
[BlackElo "2402"]
[WhiteElo "2061"]

1. e4 c6 2. d4 d5 3. exd5 cxd5 4. c4 dxc4 5. Nc3 Nd7 6. Bxc4 Nb6 7. Bb3 Nf6 8.
Nf3 e6 9. O-O Be7 10. Qe2 O-O 11. Bg5 Bd7 12. Ne5 Be8 13. Rad1 Nfd5 14. Bxe7 Nxe7
15. Rd3 Nbd5 16. Rf3 f6 17. Bc2 f5 18. Rd1 Bh5 19. g4 fxg4 20. Nxg4 Rxf3 21. Qxf3
Kh8 22. Ne2 Rc8 23. Bb1 Nf6 24. h3 Qd5 25. Qxd5 Nfxd5 26. Ng3 Be8 27. Ne5 Kg8 28.
Ne4 Bh5 29. Re1 Nf4 30. Kh2 Rd8 31. Ng3 Be8 32. Rd1 Nc6 33. Nxc6 Bxc6 34. Ne4 e5
35. Kg3 Ne2+ 36. Kh4 Nxd4 37. Rg1 Nf3+ 0-1

[Event "TIPC 2013"]
[Site "Charleroi"]
[Date "2013.07.29"]
[Round "3.6"]
[White "Sarrau, Jelle"]
[Black "Callier, Christophe"]
[Result "1-0"]
[LiveChessVersion "1.4-u16"]
[BlackElo "2060"]
[WhiteElo "2309"]

1. d4  Nf6  2. c4  g6
 3. Nc3  Bg7  4. e4
 d6  5. f3  O-O 
6. Be3  c6  7. Nge2  a6
 8. c5  b5  9. cxb6
 Nbd7  10. Rc1  Nxb6
 11. Na4  Bd7  12. Nec3
 Nxa4  13. Nxa4  Rb8
 14. b3  Qc7  15. Qd2
 a5  16. Be2  Rb4
 17. O-O  Ra8  18. Rfd1
 Qb7  19. Bf1  Ne8
 20. Bc4  Qb8  21. Bf2
 Nc7  22. Nc3  Qe8
 23. Rc2  Rbb8  24. Qe2
 Bc8  25. Rdc1  Ne6
 26. Qd2  Nc7  27. Re1
 Ba6  28. Bxa6  Nxa6
 29. Na4  Nc7  30. Rec1
 Ra6  31. Qd3  Rb4
 32. d5  Bh6  33. Rxc6
 Bxc1  34. Rxc7  Qb5
 35. Qxb5  Rxb5  36. Rxc1
 1-0

[Event "TIPC 2013"]
[Site "Charleroi"]
[Date "2013.07.29"]
[Round "3.7"]
[White "De Strycker, Nathan"]
[Black "Hautot, Stéphane"]
[Result "0-1"]
[LiveChessVersion "1.4-u16"]
[BlackElo "2366"]
[WhiteElo "2033"]

1. d4  d5  2. c4  c6
 3. Nf3  Nf6  4. Nc3
 e6  5. Bg5  Nbd7
 6. e3  Qa5  7. Nd2
 dxc4  8. Bxf6  Nxf6
 9. Nxc4  Qc7  10. Bd3
 Be7  11. O-O  O-O
 12. Rc1  Nd5  13. Ne5
 g6  14. Bc4  Nxc3
 15. Rxc3  Bd6  16. f4
 Qe7  17. Bb3  Kg7
 18. a4  f6  19. Nc4
 Bb4  20. Rc2  b6
 21. Qf3  Bb7  22. e4
 Rad8  23. Rd1  c5
 24. d5  exd5  25. exd5
 Bxd5  26. Re2  Qf7
 27. Rxd5  Qxd5  28. Re7+
 Kh8  29. Qxd5  Rxd5
 30. Rxa7  Rd3  31. Bc2
 Rd4  32. Nxb6  Rd2
 33. Be4  Re8  34. Ra8
 Rxa8  35. Bxa8  Rxb2
 36. Nc4  Ra2  37. Bc6
 f5  38. h3  Kg7 
39. Kh2  Be1  40. Be8  h5
 0-1

[Event "TIPC 2013"]
[Site "Charleroi"]
[Date "2013.07.29"]
[Round "3.8"]
[White "Krasucki, Youri"]
[Black "Tomov, Georgi"]
[Result "0-1"]
[LiveChessVersion "1.4-u16"]
[BlackElo "2301"]
[WhiteElo "2018"]

1. e4  e5  2. Nf3  Nc6
 3. d4  exd4  4. Nxd4
 Bc5  5. Nxc6  bxc6
 6. Bd3  Qh4  7. O-O
 Nf6  8. Qd2  Ng4
 9. h3  Ne5  10. Qg5
 Qxg5  11. Bxg5  Bd4
 12. Nc3  Nxd3  13. cxd3
 Rb8  14. Rab1  Ba6
 15. Rfd1  O-O  16. Be3
 Bxe3  17. fxe3  d6
 18. Rd2  Rb4  19. d4
 Rfb8  20. b3  Bc8
 21. Re1  Kf8  22. Kf2
 Ke7  23. Rc1  a5
 24. Na4  Bd7  25. Nb2
 f6  26. Kf3  Ra8
 27. Nd3  Rb5  28. Rc4
 h5  29. Nf4  Be8
 30. d5  g5  31. Ne6
 Rc8  32. Ng7  c5
 33. Nf5+  Kf7  34. Nh6+
 Kf8  35. g4  h4 
36. Rf2  Rb4  37. Rfc2  Bb5
 38. Rxb4  axb4  39. Rd2
 Ra8  40. Nf5  Bf1
 41. Rh2  Bd3  0-1

[Event "TIPC 2013"]
[Site "Charleroi"]
[Date "2013.07.29"]
[Round "3.9"]
[White "Okhotnik, Vladimir"]
[Black "Maala, Abdessadek"]
[Result "0-1"]
[LiveChessVersion "1.4-u16"]
[BlackElo "2118"]
[WhiteElo "2403"]

1. d4  d5  2. c4  c6
 3. Nf3  Nf6  4. Nc3
 dxc4  5. e4  b5 
6. a4  b4  7. Na2  Nxe4
 8. Bxc4  e6  9. O-O
 Be7  10. Re1  Nf6
 11. Ne5  O-O  12. Bg5
 Nfd7  13. Nxf7  Rxf7
 14. Bxe6  Bxg5  15. Qb3
 Ne5  16. Bxc8  Nf3+
 17. gxf3  Qxc8  18. Nxb4
 a5  19. Nd3  Nd7
 20. Re4  g6  21. f4
 Bf6  22. Rae1  Kg7
 23. Ne5  Nxe5  24. fxe5
 Be7  25. e6  Rf5
 26. Re5  Qf8  27. Rxf5
 Qxf5  28. Qb7  Qg5+
 29. Kf1  Rd8  30. Qxc6
 Rxd4  31. Qc3  Qd5
 32. f3  Kh6  33. Qe3+
 Bg5  34. Qe2  Rd3
 35. Qe4  Rxf3+  36. Kg2
 Qxe4  37. Rxe4  Rf8
 38. b4  axb4  39. Rxb4
 Re8  40. Rb6  Be3
 41. Rc6  Kg5  42. Kf3
 Bg1  43. a5  Kf6
 44. Rc1  Ba7  45. h4
 Rxe6  46. h5  Ra6
 47. Rc7  Rxa5 48. Rxh7  g5
 49. Rb7  Kf5  50. Rf7+
 Ke6  51. Rb7  Kf6
 52. h6  Ra3+  53. Kg4
 Ra4+  54. Kf3  Rf4+
 55. Kg3  Bf2+  56. Kg2
 Kg6  57. h7  Bd4
 58. Kg3  Rf7  59. Rb4
 Be5+  60. Kg4  Rxh7
 61. Rb6+  Bf6  62. Kg3
 Kf5  63. Kg2  Be5
 64. Kg1  Bd4+  0-1

[Event "TIPC 2013"]
[Site "Charleroi"]
[Date "2013.07.29"]
[Round "3.10"]
[White "Noiroux, Kevin"]
[Black "Kurpnieks, Vairis"]
[Result "1-0"]
[LiveChessVersion "1.4-u16"]
[BlackElo "2056"]
[WhiteElo "2243"]

1. d4 Nf6 2. Nf3 e6 3. Bf4 b6 4. e3 Bb7 5. Nbd2 c5 6. c3 Nc6 7. a3 d5 8. Ne5 Nxe5
9. Bxe5 Bd6 10. Bb5+ Ke7 11. O-O Qc7 12. Bxf6+ gxf6 13. f4 h5 14. Qe1 Rag8 15.
Be2 Rh7 16. Qh4 cxd4 17. exd4 Kd7 18. Qxf6 h4 19. Bd3 Rhg7 20. Rf2 Be7 21. Qe5
Qxe5 22. fxe5 f5 23. exf6 Bxf6 24. Nf3 Kd6 25. Re1 Bc6 26. Rfe2 Bd7 27. Kh1 Rg4
28. Rf2 Rf4 29. Ref1 Rfg4 30. Re1 Rf4 31. Kg1 Rfg4 32. Kf1 Be8 33. Ne5 Bxe5 34.
Rxe5 R4g5 35. Rxg5 Rxg5 36. Rf4 Rh5 37. Rf8 Ke7 38. Rxe8+ 1-0

[Event "TIPC 2013"]
[Site "Charleroi"]
[Date "2013.07.29"]
[Round "3.12"]
[White "Geenen, Marc"]
[Black "Marte, Sébastien"]
[Result "1/2-1/2"]
[LiveChessVersion "1.4-u16"]
[BlackElo "2034"]
[WhiteElo "2235"]

1. e4 c5 2. Nf3 e6 3. d4 cxd4 4. Nxd4 a6 5. c4 Nc6 6. Nc3 Bb4 7. Nxc6 bxc6 8. Qd4
Qf6 9. e5 Qg6 10. a3 Ba5 11. b4 Bc7 12. Ne4 Ne7 13. Bb2 O-O 14. O-O-O a5 15. g4
axb4 16. axb4 c5 17. Qe3 cxb4 18. Bd3 Qh6 19. Nf6+ Kh8 20. Qxh6 gxh6 21. Be4 Ra5
22. Nxd7 Rd8 23. Nf6 Rxd1+ 24. Rxd1 Rc5 1/2-1/2

[Event "TIPC 2013"]
[Site "Charleroi"]
[Date "2013.07.29"]
[Round "3.14"]
[White "Bomans, Arno"]
[Black "Gilles, Jean-Claude"]
[Result "1-0"]
[LiveChessVersion "1.4-u16"]
[BlackElo "1979"]
[WhiteElo "2204"]

1. d4 Nf6 2. c4 g6 3. f3 Bg7 4. e4 d6 5. Nc3 O-O 6. Be3 a6 7. Nge2 Nbd7 8. a4 c5
9. d5 Ne5 10. Ng3 h5 11. Be2 Nh7 12. O-O h4 13. Nh1 f5 14. Qd2 Bf6 15. Nf2 Nf7
16. exf5 Bxf5 17. Nfe4 Bxc3 18. Nxc3 e5 19. dxe6 Bxe6 20. Rad1 Qb6 21. Ne4 Rad8
22. Qc3 Ne5 23. Bh6 Rf7 24. Nxd6 Rxd6 25. Qxe5 Rfd7 26. a5 Qc6 27. Rxd6 Qxd6 28.
Qxd6 Rxd6 29. Bf4 1-0

[Event "TIPC 2013"]
[Site "Charleroi"]
[Date "2013.07.29"]
[Round "3.15"]
[White "De Reymaeker, Walter"]
[Black "Dal Borgo, Albin"]
[Result "0-1"]
[LiveChessVersion "1.4-u16"]
[BlackElo "2203"]
[WhiteElo "1975"]

1. e4 e5 2. Nf3 Nc6 3. d4 exd4 4. Bc4 Nf6 5. e5 Ne4 6. Bd5 Nc5 7. O-O Ne6 8. c3
dxc3 9. bxc3 Bc5 10. Qa4 Qe7 11. Na3 O-O 12. Nb5 a6 13. Re1 Bxf2+ 14. Kxf2 Qc5+
15. Nbd4 Qxd5 16. Nb3 Nc5 17. Nxc5 Qxc5+ 18. Re3 b5 19. Qf4 Ne7 20. c4 Qxc4 21.
Re4 Qc3 22. Rb1 Bb7 23. Rb3 Qc5+ 24. Be3 Qc2+ 25. Nd2 Bxe4 26. Qxe4 Qxe4 0-1

[Event "TIPC 2013"]
[Site "Charleroi"]
[Date "2013.07.29"]
[Round "3.18"]
[White "Vanhee, Freddy"]
[Black "Van Houtte, Thierry"]
[Result "1/2-1/2"]
[LiveChessVersion "1.4-u16"]
[BlackElo "2174"]
[WhiteElo "1966"]

1. d4 d6 2. c4 e5 3. dxe5 dxe5 4. Qxd8+ Kxd8 5. Nc3 c6 6. Nf3 f6 7. e4 Be6 8. Be3
Na6 9. Be2 Nh6 10. h3 Nf7 11. O-O Bc5 12. Bxc5 Nxc5 13. b4 Na6 14. Rab1 Ke7 15.
Rfc1 Rhd8 16. c5 Nc7 1/2-1/2

[Event "TIPC 2013"]
[Site "Charleroi"]
[Date "2013.07.29"]
[Round "3.19"]
[White "Charlier, Laurent"]
[Black "Spanoghe, Ivan"]
[Result "0-1"]
[LiveChessVersion "1.4-u16"]
[BlackElo "2156"]
[WhiteElo "1881"]

1. e4 e6 2. b3 d5 3. Bb2 dxe4 4. Nc3 Nf6 5. Qe2 Be7 6. O-O-O c5 7. g4 Nc6 8. Nxe4
Nd4 9. Nxf6+ Bxf6 10. Qe4 Bd7 11. Qxb7 O-O 12. Bxd4 cxd4 13. Bd3 a5 14. Qe4 g6
15. Nf3 Qb6 16. Kb2 Bc6 17. Qf4 Bg7 18. h4 a4 19. Ra1 a3+ 20. Kc1 e5 21. Nxe5
Bxh1 22. Bc4 Bxe5 0-1

[Event "TIPC 2013"]
[Site "Charleroi"]
[Date "2013.07.29"]
[Round "3.20"]
[White "Van Uytven, Eric"]
[Black "Maes, Tibo"]
[Result "1/2-1/2"]
[LiveChessVersion "1.4-u16"]
[BlackElo "1778"]
[WhiteElo "2134"]

1. d4 f5 2. Nc3 Nf6 3. Bg5 d5 4. Bxf6 exf6 5. e3 Be6 6. Bd3 Nc6 7. Qf3 Qd7 8.
Nge2 O-O-O 9. Nf4 g6 10. Bb5 Bh6 11. O-O-O Bxf4 12. exf4 Rhe8 1/2-1/2

[Event "TIPC 2013"]
[Site "Charleroi"]
[Date "2013.07.29"]
[Round "4.1"]
[White "Rausis, Igors"]
[Black "Noiroux, Kevin"]
[Result "1-0"]
[LiveChessVersion "1.4-u16"]
[BlackElo "2243"]
[WhiteElo "2545"]

1. e4  e6  2. d4  d5
 3. Nc3  Nf6  4. Bg5
 Bb4  5. exd5  Qxd5
 6. Bxf6  Bxc3+  7. bxc3
 gxf6  8. Qd2  b6
 9. Be2  Nc6  10. Qf4
 Qa5  11. Kd2  Ke7
 12. Nf3  Rd8  13. Bd3
 Bb7  14. g4  Rd6
 15. g5  fxg5  16. Nxg5
 Nxd4  17. Qxf7+  Kd8
 18. Rhg1  Kc8  19. Qf8+
 Kd7  20. Qg7+  Kc6
 21. Be4+  Kb5  22. a4+
 Kc5  23. Qe5+  Bd5
 24. Qxd4+  Kc6  25. Nf7
 Rad8  26. Nxd8+  Rxd8
 27. Kc1  Bxe4  28. Qxe4+ 1-0

[Event "TIPC 2013"]
[Site "Charleroi"]
[Date "2013.07.29"]
[Round "4.2"]
[White "Le Quang, Kim"]
[Black "Kveinys, Aloyzas"]
[Result "0-1"]
[LiveChessVersion "1.4-u16"]
[BlackElo "2479"]
[WhiteElo "2242"]

1. c4  Nf6  2. g3  c6
 3. Bg2  d5  4. Nf3
 Bg4  5. Ne5  Be6
 6. cxd5  cxd5  7. Nc3
 g6  8. Qa4+  Nbd7
 9. O-O  Bg7  10. d3
 O-O  11. Nxd7  Nxd7
 12. Qh4  Nf6  13. Bh6
 Qb6  14. Bxg7  Kxg7
 15. Na4  Qd6  16. Qd4
 Bd7  17. Rfc1  e5
 18. Qc5  Qe6  19. Qb4
 a5  20. Qb3  Bxa4
 21. Qxa4  Qb6  22. Rc2
 Qb4  23. Qxb4 axb4  24. Rc5
 Rfc8  25. Rb5  Rc2
 26. Rxb4  Rxe2  27. Rxb7
 Rc8  28. Bf3  Rd2
 29. a4  Rxd3  30. Bd1
 Ne4  31. a5  Rd2
 32. a6  Nxf2  33. Bb3
 Nh3+  34. Kh1  Ng5
 35. Rf1  Nf3  36. Rxf7+
 Kxf7  37. Rxf3+  Ke7
 38. Rf1  Ra8  0-1

[Event "TIPC 2013"]
[Site "Charleroi"]
[Date "2013.07.29"]
[Round "4.3"]
[White "Ringoir, Tanguy"]
[Black "Lacroix, Bruno"]
[Result "1-0"]
[LiveChessVersion "1.4-u16"]
[BlackElo "2207"]
[WhiteElo "2471"]

1. d4  e6  2. c4  f5
 3. Nc3  Nf6  4. f3
 Bb4  5. e3  O-O 
6. Bd3  Bxc3+  7. bxc3  d6
 8. Ne2  c5  9. O-O
 Nc6  10. e4  fxe4
 11. fxe4  e5  12. d5
 Ne7  13. h3  Qe8
 14. Ng3  Qg6  15. Nf5
 Nxf5  16. exf5  Qg3
 17. Qd2  Bd7  18. Qe3
 Qxe3+  19. Bxe3  Rab8
 20. a4  b6  21. g4
 h6  22. a5  bxa5
 23. Rxa5  Rb3  24. Bd2
 Rb2  25. Bc1  Rb3
 26. Bd2  Rb2  27. Rd1
 Re8  28. Rxa7  e4
 29. Bc1  Rb3  30. Bf1
 Bc8  31. Bf4  e3
 32. Re1  Rxc3  33. Bxd6
 Ne4  34. Be7  Nd2
 35. Bg2  Nxc4  36. d6
 Rd3  1-0

[Event "TIPC 2013"]
[Site "Charleroi"]
[Date "2013.07.29"]
[Round "4.4"]
[White "Eliet, Nicolas"]
[Black "Bomans, Arno"]
[Result "1/2-1/2"]
[LiveChessVersion "1.4-u16"]
[BlackElo "2204"]
[WhiteElo "2402"]

1. c4  e6  2. g3  d5
 3. Bg2  c6  4. Qc2
 Nf6  5. Nf3  Be7
 6. O-O  O-O  7. b3
 Ne4  8. Bb2  Nd7
 9. d3  Ng5  10. Nfd2
 f6  11. e3  Nb6 
12. d4  f5  13. Nc3  Qe8
 14. Ne2  Ne4  15. a4
 a5  16. Nf3  Nd7
 17. Ba3  Bxa3  18. Rxa3
 Qe7  19. Raa1  Nb8
 20. Ne5  Na6  21. Nd3
 Nb4  22. Nxb4  Qxb4
 23. Nf4  Qd6  24. Rfc1
 Bd7  25. Rab1  Nf6
 26. Nd3  Rfb8  27. b4
 axb4  28. Rxb4  Ra7
 29. Rcb1  Bc8  30. Bf3
 Nd7  31. c5  Qe7
 32. Qc3  Rba8  33. Bd1
 Ra5  34. Rc1  Qf6
 35. Rb2  Nf8  36. f3
 Qg5  37. Re2  Ng6
 38. Qe1  Bd7  39. Rb1
 R5a7  40. Reb2  Bc8
 41. f4  Qe7  42. Rg2
 Bd7  43. h3  Rf8
 44. Qb4  Bc8  45. Ra1
 Bd7  46. Rga2  Rfa8
 47. Be2  Nh8  48. a5
 Nf7  49. Qb6  Bc8
 50. Nc1  Bd7  51. Nb3
 Nd8  52. Ra4  Be8
 53. Kh2  Bd7  54. Qb4
 Be8  55. Qe1  Bg6
 56. Rb4  Qe8  57. Bd3
 Bf7  58. Rb6  Qe7
 59. Ra2  Be8  60. Rg2
 Kf8  61. g4  Qf6
 62. Qg3  Bg6  63. Bc2
 fxg4  64. hxg4  Bxc2
 65. Rxc2  Qg6  66. Rf2
 Kg8  67. f5  exf5
 68. gxf5  Qxg3+  69. Kxg3
 Rc8  70. Rb4  Rc7
 71. Ra4  Re7  72. Kf3
 Nf7  73. Nd2  Ng5+
 74. Ke2  Ne4  75. Nxe4
 Rxe4  76. Ra1  Ra8
 77. Rb1  Re7  78. Ra1
 1/2-1/2

[Event "TIPC 2013"]
[Site "Charleroi"]
[Date "2013.07.29"]
[Round "4.5"]
[White "Dal Borgo, Albin"]
[Black "Vandevoort, Pascal"]
[Result "1/2-1/2"]
[LiveChessVersion "1.4-u16"]
[BlackElo "2384"]
[WhiteElo "2203"]

1. c4  Nf6  2. g3  g6
 3. Bg2  Bg7  4. Nc3
 O-O  5. e4  d6 
6. Nge2  c5  7. O-O  Nc6
 8. d3  Ne8  9. Rb1
 Nc7  10. a3  Rb8
 11. b4  b6  12. b5
 Nd4  13. Nxd4  Bxd4
 14. Ne2  Bg4  15. Kh1
 Bxe2  16. Qxe2  Ne6
 17. Bh3  Nc7  18. Bd2
 e6  19. f4  f5 
20. exf5  exf5  21. Rfe1  h5
 22. Bg2  Bf6  23. Bc6
 Kg7 24. Qd1 Rh8 1/2-1/2

[Event "TIPC 2013"]
[Site "Charleroi"]
[Date "2013.07.29"]
[Round "4.6"]
[White "Hautot, Stéphane"]
[Black "Capone, Nicola"]
[Result "1-0"]
[LiveChessVersion "1.4-u16"]
[BlackElo "2149"]
[WhiteElo "2366"]

1. d4  Nf6  2. Nf3  e6
 3. c4  d5  4. g3
 dxc4  5. Bg2  a6
 6. O-O  Be7  7. Ne5
 O-O  8. Nc3  Nd5
 9. Nxc4  b5  10. Nxd5
 exd5  11. Ne5  c6
 12. Qc2  Qb6  13. Be3
 Be6  14. Rac1  Rc8
 15. f4  f6  16. f5
 fxe5  17. fxe6  e4
 18. Rf7  Bf6  19. Bxe4
 dxe4  20. Qxe4  Re8
 21. Rf1  Qd8  22. R1xf6
 Qxf6  23. Rxf6  gxf6
 24. d5  1-0

[Event "TIPC 2013"]
[Site "Charleroi"]
[Date "2013.07.29"]
[Round "4.7"]
[White "Maala, Abdessadek"]
[Black "Sarrau, Jelle"]
[Result "0-1"]
[LiveChessVersion "1.4-u16"]
[BlackElo "2309"]
[WhiteElo "2118"]

1. e4  c5  2. Nf3  d6
 3. d4  cxd4  4. Nxd4
 Nf6  5. Nc3  a6 
6. Be3  e5  7. Nb3  Be7
 8. f3  Be6  9. Qd2
 O-O  10. O-O-O  a5
 11. Qf2  Qc8  12. Na4
 Nbd7  13. g4  d5
 14. g5  Nxe4  15. fxe4
 d4  16. Nxd4  exd4
 17. Rxd4  Bxa2  18. Bb5
 Nc5  19. Nb6  Nb3+
 20. Kd1  Qg4+  21. Be2
 Qe6  22. Ra4  Rad8+
 23. Ke1  Bb4+  24. Rxb4
 axb4  25. cxb3  Qxe4
 26. Qf3  Rfe8  27. Kf2
 Qh4+  28. Qg3  Qe4
 29. Rc1  Bxb3  30. Qf4
 Rd4  31. Qf3  Qh4+
 32. Kg2  Rde4  33. Bb5
 Rd8  34. Bd3  Ree8
 35. Bc4  Bxc4  36. Rxc4
 Qe1  37. Rc7  Kh8
 38. Rxf7  Qd1  39. Bf2
 Qc1  40. Rf5  Qxb2
 41. Nc4  Qc3  42. Ne3
 b3  43. Rb5  b2 
44. Qxb7  Rd2  45. Rb3  Qe5
 46. Nc4  Qxg5+  47. Rg3
 Rxf2+  48. Kxf2  Qf5+
 49. Kg1  0-1

[Event "TIPC 2013"]
[Site "Charleroi"]
[Date "2013.07.29"]
[Round "4.8"]
[White "Tomov, Georgi"]
[Black "Dinev, Dimiter"]
[Result "1-0"]
[LiveChessVersion "1.4-u16"]
[BlackElo "1915"]
[WhiteElo "2301"]

1. Nf3  Nf6  2. c4  e6
 3. g3  c6  4. Bg2
 d5  5. b3  Be7 
6. O-O  O-O  7. Bb2  Nbd7
 8. e3  dxc4  9. bxc4
 Qb6  10. Qc2  a5
 11. d4  c5  12. Nc3
 cxd4  13. exd4  Re8
 14. Rfd1  Bf8  15. Rab1
 Qd8  16. Nb5  Ra6
 17. d5  e5  18. d6
 e4  19. Ng5  e3 
20. Bd5  exf2+  21. Kh1  Re1+
 22. Rxe1  fxe1=Q+ 23. Rxe1 1-0

[Event "TIPC 2013"]
[Site "Charleroi"]
[Date "2013.07.29"]
[Round "4.10"]
[White "Marte, Sébastien"]
[Black "Ronse, Ivan"]
[Result "1/2-1/2"]
[LiveChessVersion "1.4-u16"]
[BlackElo "1879"]
[WhiteElo "2034"]

1. Nf3 Nf6 2. d4 g6 3. c4 Bg7 4. Nc3 d5 5. e3 O-O 6. Be2 dxc4 7. Bxc4 c5 8. O-O
cxd4 9. exd4 Qc7 10. Bb3 Bg4 11. h3 Bxf3 12. Qxf3 Nc6 13. Be3 Nd7 14. Rfd1 e5 15.
Nd5 Qd8 16. dxe5 Bxe5 17. Nc3 Qe7 18. Rac1 Bxc3 19. Rxc3 Nde5 20. Qg3 Rfd8 21.
Rxd8+ Qxd8 22. Rc5 Qd6 23. Rd5 Qc7 24. Bg5 Re8 25. Bf6 Re6 26. Bg5 Ne7 27. Rd1
Nf5 28. Qf4 Rd6 29. Rc1 Nc6 30. Re1 Qd7 31. g4 Rd4 32. Qf3 Rd3 33. Qe4 Ng7 34.
Be3 Ne6 35. Bc4 Rd1 36. Rxd1 Qxd1+ 37. Kg2 Qd6 38. Bd5 Qd7 39. a3 a6 40. f3 Nc7
41. Bb3 Ne6 42. h4 Ne7 43. Bh6 Nc6 44. Be3 Ncd4 45. Bd5 Nc6 46. Bh6 Ned4 47. h5
Ne6 48. hxg6 hxg6 49. Be3 Kg7 50. Bd2 Qd6 51. Bc3+ Kg8 52. Bxe6 Qxe6 53. Qf4 Kf8
54. Kf2 Ke7 55. Qc7+ Qd7 56. Bf6+ Ke6 57. Qf4 Qd5 58. Bc3 Ne5 59. Qxe5+ Qxe5 60.
Bxe5 Kxe5 61. Ke3 g5 62. b3 b6 63. a4 a5 64. Kd3 Kd5 65. Kc3 Kc5 66. Kd3 Kb4 67.
Kc2 Kc5 68. Kc3 f6 69. Kd3 Kd5 70. Ke3 Ke5 71. Kd3 f5 72. gxf5 Kxf5 73. Ke3 Ke5
74. Kd3 Kf4 75. Ke2 Kf5 1/2-1/2

[Event "TIPC 2013"]
[Site "Charleroi"]
[Date "2013.07.29"]
[Round "4.11"]
[White "Van Melkebeke, Willem"]
[Black "Okhotnik, Vladimir"]
[Result "0-1"]
[LiveChessVersion "1.4-u16"]
[BlackElo "2403"]
[WhiteElo "1988"]

1. e4 c6 2. d4 d5 3. f3 e6 4. Nc3 Nd7 5. Nge2 Bb4 6. Bf4 Ne7 7. a3 Ba5 8. Qd3
dxe4 9. fxe4 e5 10. dxe5 Ng6 11. e6 fxe6 12. Qd6 Nxf4 13. Nxf4 Nf6 14. Qxd8+ Kxd8
15. O-O-O+ Ke7 16. b4 Bc7 17. Nd3 Ng4 18. h3 Ne5 19. Be2 b6 20. Nb2 Rf8 21. Rhf1
Bb7 22. Nc4 Nxc4 23. Bxc4 b5 24. Bd3 a5 25. Rxf8 Rxf8 26. Rf1 Rd8 27. Rd1 Bf4+
28. Kb1 axb4 29. axb4 Be5 30. Na2 Rf8 31. Rf1 Rxf1+ 32. Bxf1 Kf6 33. c4 c5 34.
bxc5 Bxe4+ 35. Kc1 bxc4 36. Kd2 Bd4 37. Nc3 Bc6 0-1

[Event "TIPC 2013"]
[Site "Charleroi"]
[Date "2013.07.29"]
[Round "4.12"]
[White "Van Houtte, Thierry"]
[Black "Bruno, Ricardo"]
[Result "1-0"]
[LiveChessVersion "1.4-u16"]
[BlackElo "1927"]
[WhiteElo "2174"]

1. e4 d6 2. d4 Nf6 3. Nc3 g6 4. f4 Bg7 5. Nf3 O-O 6. Bd3 Nc6 7. O-O e5 8. fxe5
dxe5 9. d5 Nd4 10. Nxe5 Nxd5 11. Nxd5 Bxe5 12. Bf4 Qd6 13. Qd2 Nc6 14. Rf2 Bxf4
15. Qxf4 Ne5 16. Nf6+ Kg7 17. Qh4 h6 18. Raf1 c6 19. Qg3 Be6 20. Nh5+ Kh7 21.
Nf6+ Kg7 22. Nh5+ Kh7 23. Nf4 Kg7 24. h4 Rad8 25. Be2 Qd4 26. Nh5+ Kh7 27. c3 Qc5
28. b4 Qd6 29. Nf6+ Kg7 30. Nh5+ Kh7 31. Nf4 Kg7 32. Rd1 Qc7 33. Nd3 f6 34. Rdf1
Rxd3 35. Bxd3 Qb6 36. Be2 Bxa2 37. Kh1 Qc7 38. Bh5 Qf7 39. Rxf6 Qxf6 40. Rxf6
Rxf6 41. Qxe5 gxh5 42. Qxh5 1-0

[Event "TIPC 2013"]
[Site "Charleroi"]
[Date "2013.07.29"]
[Round "4.13"]
[White "Marlier, Gaétan"]
[Black "De Villers, Mourad"]
[Result "0-1"]
[LiveChessVersion "1.4-u16"]
[BlackElo "2160"]
[WhiteElo "1929"]

1. e4 c5 2. c3 d5 3. exd5 Qxd5 4. d4 Nf6 5. Nf3 Bg4 6. Be2 e6 7. O-O Nc6 8. Be3
cxd4 9. cxd4 Be7 10. Nc3 Qa5 11. Qb3 Qb4 12. Rfd1 O-O 13. h3 Bf5 14. Bc4 Na5 15.
Qxb4 Bxb4 16. Be2 Rac8 17. Rac1 Ne4 18. Nxe4 Bxe4 19. b3 Bc2 20. Rf1 Ba3 21. Rce1
Rfd8 22. d5 Rxd5 23. Bxa7 Nc6 24. Be3 b5 25. Kh2 f6 26. Rg1 Kf7 27. g3 e5 28. Bf1
Nb4 29. Nd2 Rcd8 30. Nb1 Bb2 31. a4 bxa4 32. bxa4 Rc8 33. Bb5 Bd3 34. Bxd3 Nxd3
35. Re2 e4 36. Bd2 Rc2 37. Rd1 f5 38. a5 Bd4 39. Kg2 Rxa5 40. Bxa5 Rxe2 41. Rd2
Rxf2+ 42. Rxf2 Nxf2 43. Bc7 Nd3 44. Na3 g5 45. Nc4 Ke6 46. Bd8 Bf6 47. Bc7 h5 48.
Bb6 f4 49. gxf4 gxf4 50. Nd2 Kf5 51. Nf1 Be7 52. Bd4 Bc5 53. Bc3 f3+ 54. Kh2 Bf2
55. Bd2 Nf4 56. Be3 Bxe3 57. Nxe3+ Kg5 58. Nf1 Nd5 59. Kg3 h4+ 60. Kf2 Kf4 0-1